<?xml version="1.0" encoding="UTF-8"?>
<marc:record xmlns:marc="http://www.loc.gov/MARC21/slim">
   <marc:leader>00000nam a2200000 a 4500</marc:leader>
   <marc:datafield ind1="1" ind2=" " tag="100">
      <marc:subfield code="a">WASSERMANN, Sabine</marc:subfield>
      <marc:subfield code="4">aut</marc:subfield>
      <marc:subfield code="e">Verfasser/-in</marc:subfield>
   </marc:datafield>
   <marc:datafield ind1="0" ind2="0" tag="245">
      <marc:subfield code="a">Herrin zweier Länder</marc:subfield>
   </marc:datafield>
   <marc:datafield ind1="0" ind2="0" tag="245">
      <marc:subfield code="c">Sabine WASSERMANN</marc:subfield>
   </marc:datafield>
   <marc:datafield ind1=" " ind2="1" tag="264">
      <marc:subfield code="a">Hamburg</marc:subfield>
      <marc:subfield code="b">Rowohlt</marc:subfield>
      <marc:subfield code="c">2003</marc:subfield>
   </marc:datafield>
   <marc:datafield ind1=" " ind2=" " tag="250">
      <marc:subfield code="a">1</marc:subfield>
   </marc:datafield>
   <marc:datafield ind1="1" ind2=" " tag="520">
      <marc:subfield code="a">Kurzbeschreibung: Ägypten um 2200 vor Christus. Nach dem Tod des Pharaos Pepi erringt dessen Neben-Sohn Merenre mit Hilfe fremdländischer Truppen die Macht. Zu seiner Frau macht er Neith, eine Tochter des Pharao und Priesterin der Löwengöttin Sachmet. Ihre leidenschaftliche Liebe steht unter keinem glücklichen Stern: Neith kann keine Kinder bekommen, und Merenre wird nach nur einem Jahr der Herrschaft von seinen einstigen Verbündeten ermordet</marc:subfield>
   </marc:datafield>
   <marc:datafield ind1=" " ind2=" " tag="020">
      <marc:subfield code="a">B0093CKVWS</marc:subfield>
      <marc:subfield code="9">B0093CKVWS</marc:subfield>
   </marc:datafield>
   <marc:datafield ind1=" " ind2=" " tag="300">
      <marc:subfield code="a">431</marc:subfield>
   </marc:datafield>
</marc:record>
